Implementácia plánu kontinuity subprocesov vo vybranej organizácii

Saved in:
Bibliographic Details
Main Author: Medveďová, Janka (Author)
Other Authors: Pauliková, Alena (Thesis advisor)
Format: Manuscript Book
Language:Slovak
Published: 2024
Subjects:
Online Access:http://is.stuba.sk/zp/portal_zp.pl?podrobnosti=186074
Tags: Add Tag
No Tags, Be the first to tag this record!

MARC

LEADER 00000ntm a22000003a 4500
001 stuzp97859
003 SK-STU
005 20240608211319.7
007 ta
008 150427s2015----xo-----f-mn---000-0-slo-d
040 |a STU  |b slo 
041 0 |a slo 
100 1 |a Medveďová, Janka  |u 064000  |k Z4  |4 aut  |U MTF Materiálovotechnologická fakulta  |T MTF Ústav priemyselného inžinierstva a manažmentu  |X 73574  |U M4000  |Y 84  |7 73574 
242 0 1 |a Implementation of the subprocess continuity plan in the selected organization  |y eng 
245 1 0 |a Implementácia plánu kontinuity subprocesov vo vybranej organizácii 
260 |c 2024 
650 4 |a Incident  |2 slo 
650 4 |a Riziko  |2 slo 
650 4 |a Kríza  |2 slo 
650 4 |a Hrozba  |2 slo 
650 4 |a Afinitný diagram  |2 slo 
650 4 |a Incident  |2 eng 
650 4 |a Risk  |2 eng 
650 4 |a Crisis  |2 eng 
650 4 |a Threat  |2 eng 
650 4 |a Affinity diagram  |2 eng 
700 1 |a Pauliková, Alena  |u 064000  |k Z1  |4 ths  |U MTF Materiálovotechnologická fakulta  |T MTF Ústav priemyselného inžinierstva a manažmentu  |X 77968  |U M4000  |Y 84  |7 77968 
856 4 |u http://is.stuba.sk/zp/portal_zp.pl?podrobnosti=186074 
996 |c M* DP-15382  |l MMSKP  |s P  |a 0  |w stuzp97859_0001